Učetnictví v podmínkách moderního řízení ekonomiky.
Rast úlohy účtovníctva od parciálnych javov k informačným systémom. Koncepcia účtovníctva na úrovni skupín výrobkov. Ekonomicko-organizačný model informácií pri základnom spôsobe účtovania reprodukčného procesu. Účtový rozvrh sysntetických a analytických účtov. Úloha účtovníctva v systéme národných...
Gespeichert in:
| 1. Verfasser: | |
|---|---|
| Format: | Buchkapitel |
| Sprache: | Tschechisch |
| Schlagworte: | |
| Tags: |
Keine Tags, Fügen Sie das erste Tag hinzu!
|
MARC
| LEADER | 00000naa a2200000 4500 | ||
|---|---|---|---|
| 001 | r010086 | ||
| 005 | 20220831084436.5 | ||
| 041 | 0 | |a cze | |
| 044 | |a [CS] | ||
| 245 | 1 | 0 | |a Učetnictví v podmínkách moderního řízení ekonomiky. |c A. Chlachula |
| 520 | |a Rast úlohy účtovníctva od parciálnych javov k informačným systémom. Koncepcia účtovníctva na úrovni skupín výrobkov. Ekonomicko-organizačný model informácií pri základnom spôsobe účtovania reprodukčného procesu. Účtový rozvrh sysntetických a analytických účtov. Úloha účtovníctva v systéme národných účtov. Flexibilita a variabilita účtovníctva. | ||
| 610 | 2 | 0 | |a účtovníctvo |
| 610 | 2 | 0 | |a systémy informačné |
| 610 | 2 | 0 | |a riadenie hospodárske |
| 610 | 2 | 0 | |a výrobky |
| 610 | 2 | 0 | |a rozvrh účtový |
| 610 | 2 | 0 | |a účty syntetické |
| 610 | 2 | 0 | |a účty analytické |
| 610 | 2 | 0 | |a účty národné |
| 610 | 2 | 0 | |a AIS |
| 100 | 1 | |a Chlachula, A. | |